Countries where JoJo events took place - Statistics

General Stats
  • This quiz has been taken 132 times
  • The average score is 15 of 18
Answer Stats
Part of JoJo Country % Correct
2 Italy
99%
5 Italy
99%
3 Egypt
97%
3 Japan
97%
4 Japan
97%
8 Japan
97%
2 United States
97%
6 United States
97%
7 United States
97%
1 United Kingdom
94%
3 India
83%
3 China
80%
3 Pakistan
76%
2 Mexico
73%
3 Saudi Arabia
64%
2 Switzerland
64%
3 Singapore
60%
3 United Arab Emirates
30%
No matching quizzes found
Score Distribution
Percent of People with Each Score
Percentile by Number Answered
Your Score History
You have not taken this quiz